| 000 | 00644pam a2200241 a 4500 | ||
|---|---|---|---|
| 001 | 4731474 | ||
| 005 | 20171218082857.0 | ||
| 008 | 840112s1984 nyu b 001 0 eng | ||
| 010 | _a 84001242 | ||
| 020 |
_a0684180804 : _c$19.95 |
||
| 020 |
_a0684180790 (pbk.) : _c$12.95 |
||
| 040 |
_aDLC _cDLC _dDLC |
||
| 041 | _aeng | ||
| 043 | _ae-uk--- | ||
| 080 | _a306.0941 LAS | ||
| 082 | 0 | 0 |
_a306.0941 LAS _219 |
| 100 | 1 | _a17 | |
| 101 | _aHIS | ||
| 245 | 1 | 4 |
_aThe world we have lost : _cPeter Laslett. |
| 504 | _aBibliography: p. [341]-346. | ||
| 906 |
_a7 _bcbc _corignew _d1 _eocip _f19 _gy-gencatlg |
||
| 942 |
_2ddc _cBK |
||
| 999 |
_c39104 _d39104 |
||